000 00708nam a2200217Ia 4500
005 20230213144917.0
008 210716s2004 xx 000 0 und d
020 _a9790130843707
040 _cAIMIT LIBRARY
041 _aeng
082 _a004.65
_26
_bSTAW
100 _aStallings, William.
_972167
245 _aData and computer communications /
_cBy William Stallings
250 _a6th ed.
260 _aNew Delhi :
_bPHI Learning Pvt Ltd ,
_c2004.
300 _axx,810p. ;
_c24 cm.
650 _aAnalog and digital data transmission
_972168
650 _aData communication interface
_972169
650 _aCongestion control in data networks
_972170
942 _2ddc
_cBK
_e6th
_k004.65 STAW
999 _c186852
_d186852